Logo BPK

Biblioteka

Politechniki Koszalińskiej

Porsnevye kompressory : (Rekord nr 9010)

Szczegóły MARC
000 -ETYKIETA REKORDU
podpole kontrolne o stałej długości 00480nam a2200169 i 4500
001 - NUMER KONTROLNY REKORDU
pole kontrolne bg
040 ## - ŹRÓDŁO KATALOGOWANIA
Instytucja, która utworzyła rekord BPK
041 ## - KOD JĘZYKA
Kod języka tekstu pol
080 ## - UNIWERSALNA KLASYFIKACJA DZIESIĘTNA - UKD
UKD 621.512
008 - POLE O STAŁEJ DŁUGOŚCI - DANE KONTROLNE
podpole kontrolne o stałej długości s pl f |000 0 pol
100 1# - NAZWA OSOBOWA
Nazwa osobowa FRENKEL, M. I.
245 10 - TYTUŁ/ODPOWIEDZIALNOŚĆ
Tytuł Porsnevye kompressory :
Ciąg dalszy tytułu teorija, konstrukcii i osnovy projektirovanija /
Pozostałe elementy strefy tytułu i oznaczenia odpowiedzialności M. I. Frenkel.
250 ## - STREFA WYDANIA
Oznaczenie wydania Izd. 3, perer. i dopol.
260 ## - STREFA ADRESU WYDAWNICZEGO
Miejsce wydania Leningrad :
Nazwa wydawcy/dystrybutora Izdatel'stvo "Masinostroenie",
Data publikacji, dystrybucji/powstania dokumentu 1969.
300 ## - STREFA OPISU FIZYCZNEGO
Objętość s. 742 +
Dokument towarzyszący tabl.
942 ## - DODATKOWE ELEMENTY (KOHA)
Typ dokumentu Książka
Egzemplarze
Wycofany Status egzemplarza Uszkodzony Dostępność Lokalizacja stała Lokalizacja bieżąca Miejsce przechowywania Sygnatura Kod kreskowy Typ dokumentu
      Dostępny Biblioteka Politechniki Koszalińskiej Biblioteka Politechniki Koszalińskiej Wypożyczalnia BG 8900 01773729 Książka
© 2023 Biblioteka Politechniki Koszalińskiej :: KOHA